MAYA IN PHYSICS (Record no. 14627)

MARC details
000 -LEADER
fixed length control field 00353nam a2200133Ia 4500
008 - FIXED-LENGTH DATA ELEMENTS--GENERAL INFORMATION
fixed length control field 240624s9999 xx 000 0 und d
041 ## - LANGUAGE CODE
Language code of text/sound track or separate title eng
082 ## - DEWEY DECIMAL CLASSIFICATION NUMBER
Classification number 530 PAN
100 ## - MAIN ENTRY--PERSONAL NAME
Personal name PANDA N C
245 ## - TITLE STATEMENT
Title MAYA IN PHYSICS
260 ## - PUBLICATION, DISTRIBUTION, ETC.
Date of publication, distribution, etc. 2005
Place of publication, distribution, etc. Delhi
Name of publisher, distributor, etc. Motilal Banarsidass Publishers Private Limited
300 ## - PHYSICAL DESCRIPTION
Extent xxiv, : 455 : p. : cm. ; 22
365 ## - TRADE PRICE
Currency code RS
Price amount 15
Holdings
Withdrawn status Lost status Damaged status Not for loan Home library Current library Shelving location Date acquired Source of acquisition Cost, normal purchase price Total Checkouts Total Renewals Total Holds Full call number Barcode Date due Date last seen Date last checked out Copy number Price effective from Koha item type
        IMTN IMTN Rack 19-A 02/24/2010 PSBE 695.00 1 1 776 530 PAN 14627 10/22/2025 07/12/2025 07/12/2025 1 06/24/2024 Books
Designed & Maintained by: LRC IMT Nagpur Contact: lrc@imtnag.ac.in© 2024. All Rights Reserved.